000 00952nam a2200265 a 4500
003 BD-DhJNU
005 20251008091139.0
008 130719s2014 enka b 001 0 eng
020 _a9780415721745
_qhbk
020 _a9781444183092
_qpbk
020 _z9780203784969 (ebk)
040 _aBD-DhJNU
_bENG
_cBD-DhJNU
_dBD-DhJNU
082 0 0 _a421.58 CRG
_223
100 1 _aCruttenden, Alan
245 1 0 _aGimson's pronunciation of English /
_cAlan Cruttenden
250 _aEighth Edition.
264 1 _aLondon ;
_aNew York :
_bRoutledge,
_c2014.
300 _axxvi, 381 pages :
_billustrations ;
_c24 cm
500 _aRev. ed. of: An introduction to the pronunciation of English. 4th ed. 1989.
504 _aIncludes bibliographical references (pages 358-373) and index.
650 0 _aEnglish language
_xPhonetics.
650 0 _aEnglish language
_xPronunciation.
700 1 2 _aGimson, A. C.
_tIntroduction to the pronunciation of English.
942 _cBK
999 _c2197
_d2197